| 000 | 00856nas a2200289 4500 | ||
|---|---|---|---|
| 001 | BR9704729 | ||
| 003 | BR-BrBNA | ||
| 005 | 20231205100545.0 | ||
| 007 | ta | ||
| 008 | 230509b bl.|||p| |||| 00| 00por d | ||
| 040 |
_aBR-BrBNA _bpor _cBiblioteca Nacional de Agricultura |
||
| 041 | _a(Pt) | ||
| 072 | _aF08 | ||
| 100 | 1 | _aSilva, D.J.H. da | |
| 100 | 1 | _aSediyama, M.A.N. | |
| 100 | 1 | _aMata, A.C. da | |
| 100 | 1 | _aRocha, D.M. da | |
| 100 | 1 | _aPicanco, M.C. | |
| 245 | 1 | _aProducao de frutos de tomateiro (Lycopersicon esculentum Mill)em quatro sistemas de cultivo | |
| 650 | _aTomate | ||
| 650 | _aSistema de Cultivo | ||
| 650 | _aEstaca | ||
| 650 | _aTutoramento | ||
| 773 | 0 |
_tRevista Ceres (Brazil) _xISSN 0034-737X _g(Mar-Apr 1997), v. 44(252) p. 129-141 _wBR9704729 |
|
| 909 |
_a202311 _bLúcia _c55 _dLúcia Elande |
||
| 942 |
_2AGRIS _n0 _cANA |
||
| 999 |
_c156674 _d156674 |
||